Normal view
MARC view
Entry Topical Term
001 - CONTROL NUMBER
- control field: 63551
003 - CONTROL NUMBER IDENTIFIER
- control field:
005 - DATE AND TIME OF LATEST TRANSACTION
- control field: 20250227203722.0
008 - FIXED-LENGTH DATA ELEMENTS
- fixed length control field: 250227|| aca||aabn | a|a d
040 ## - CATALOGING SOURCE
- Original cataloging agency:
- Transcribing agency:
150 ## - HEADING--TOPICAL TERM
- Topical term or geographic name entry element: Adeoti, Moses Layiwola, 1940-
670 ## - SOURCE DATA FOUND
- Source citation: Work cat.: ()11216: ADEOTI, Moses L. aut 63284, Beyond luck and survival / , 2019.
